The handbook of counselling psychology (Record no. 31603)

MARC details
000 -LEADER
fixed length control field 00870nam a2200217 a 4500
008 - FIXED-LENGTH DATA ELEMENTS--GENERAL INFORMATION
fixed length control field 170329s2016 ||||||||||||||||| || u
020 ## - INTERNATIONAL STANDARD BOOK NUMBER
International Standard Book Number 9781446276327
050 ## - LIBRARY OF CONGRESS CALL NUMBER
Classification number BF 636.6 Han
100 ## - MAIN ENTRY--PERSONAL NAME
Personal name Douglas, Barbara
245 14 - TITLE STATEMENT
Title The handbook of counselling psychology
Statement of responsibility, etc. Edited By Barbara Douglas, Ray Woolfe, Sheelagh Strawbridge, Elaine Kasket and Victoria Galbraith
250 ## - EDITION STATEMENT
Edition statement 4th ed.
260 ## - PUBLICATION, DISTRIBUTION, ETC.
Place of publication, distribution, etc. Los Angeles:
Name of publisher, distributor, etc. SAGE Publications
Date of publication, distribution, etc. 2016
300 ## - PHYSICAL DESCRIPTION
Extent xxii, 672p.:ill.
350 ## -
-- 66.00
650 ## - SUBJECT ADDED ENTRY--TOPICAL TERM
Topical term or geographic name entry element PSYCHOLOGY, APPLIED
650 ## - SUBJECT ADDED ENTRY--TOPICAL TERM
Topical term or geographic name entry element PSYCHOTHERAPY--METHODS
650 #0 - SUBJECT ADDED ENTRY--TOPICAL TERM
Topical term or geographic name entry element COUNSELLING PSYCHOLOGY
650 ## - SUBJECT ADDED ENTRY--TOPICAL TERM
Topical term or geographic name entry element COUNSELLING--GREAT BRITAIN
650 ## - SUBJECT ADDED ENTRY--TOPICAL TERM
Topical term or geographic name entry element COUNSELLING--METHODS
995 ## -
-- MEDICAL LIBRARY OPEN ACCESS
-- 903802
-- CBU-SCHOOL OF MEDICINE LIBRARY (Ndola)
-- 66.00
-- BF 636.6 Han
-- 1
-- AVAILABLE
-- Mar 29, 2017
-- 903802
-- Medical Library Open Access Collection
999 ## -
-- 31603
-- 31603
Holdings
Withdrawn status Lost status Source of classification or shelving scheme Damaged status Not for loan Permanent Location Current Location Shelving location Date acquired Total Checkouts Full call number Barcode Date last seen Price effective from Koha item type
          CBU-SCHOOL OF MEDICINE LIBRARY, NDOLA. CBU-SCHOOL OF MEDICINE LIBRARY, NDOLA.   11/30/2022   BF 636.6 Han 903802 11/30/2022 11/30/2022 MONOGRAPH